Giáo trình thuật toán : Lý thuyết và bài tập : Sơ cấp - Trung cấp - Cao cấp /
Tallennettuna:
| Muut tekijät: | , , , , , , |
|---|---|
| Aineistotyyppi: | Sách giấy |
| Kieli: | Vietnamese |
| Julkaistu: |
H. :
Thống kê,
2002
|
| Aiheet: | |
| Tagit: |
Lisää tagi
Ei tageja, Lisää ensimmäinen tagi!
|
| Thư viện lưu trữ: | Thư viện Trường Đại học Đà Lạt |
|---|
| LEADER | 01036nam a2200373 4500 | ||
|---|---|---|---|
| 001 | DLU060053227 | ||
| 005 | ##20060523 | ||
| 040 | # | # | |a DLU |b vie |
| 041 | # | # | |a vie |
| 044 | # | # | |a vn |
| 082 | # | # | |a 511.8 |b Gia |
| 245 | # | # | |a Giáo trình thuật toán : |b Lý thuyết và bài tập : Sơ cấp - Trung cấp - Cao cấp / |c Ngọc Anh Thư chủ biên, ... [và những người khác] |
| 260 | # | # | |a H. : |b Thống kê, |c 2002 |
| 300 | # | # | |a 1095 tr. ; |c 24 cm |
| 653 | # | # | |a Giáo trình |
| 653 | # | # | |a Mô hình toán học |
| 653 | # | # | |a Thuật toán |
| 700 | # | # | |a Ngọc Anh Thư |e chủ biên |
| 700 | # | # | |a Đặng Xuân Hường |
| 700 | # | # | |a Ngô Quốc Việt |
| 700 | # | # | |a Nguyễn Hữu Bình |
| 700 | # | # | |a Nguyễn Tiến |
| 700 | # | # | |a Nguyễn Văn Hoài |
| 700 | # | # | |a Trương Ngọc Vân |
| 923 | # | # | |a 06/2006 |
| 992 | # | # | |a 162.000 |
| 994 | # | # | |a DLU |
| 900 | # | # | |a True |
| 911 | # | # | |a Đào Thị Thu Huyền |
| 925 | # | # | |a G |
| 926 | # | # | |a A |
| 927 | # | # | |a SH |
| 980 | # | # | |a Thư viện Trường Đại học Đà Lạt |